00737nam a2200205 i 4500001000700000003000900007005001700016007000300033008004100036080001500077080001600092100003300108245008400141260006400225300003500289651003600324852003100360999001900391952012100410142861ES-MaACL20230906200637.0t|071010s1952 sp ||||1| spa d a86-992"19" a91(46)(026)1 aVidal Isern, José.911449410aPor tierras de abolengo b: motivos y temas de España / cJosé Vidal Isern. aPalma de Mallorca : b[s.n.], c1952 (fAntiguo Imp. Soler) aXII, 158 p. : bil. ; c20 cm. 4aEspaña-xDescripción.98184 aES-MaACLjD-5987 bR.31968 c142861d142861 00104070aATENEOMbATENEOMcSVId2008-01-17eSCl0oD-5987p901148643r2023-02-23 00:00:00w2023-02-23yMONOGRAFIA